000 01329nam0a2200361 4500
001 RU\NLR\bibl\2074592
005 20250616222839.0
010 _a978-5-902822-52-3
_9500
021 _aRU
_b2013-64678
_94426
035 _a(nilc)RuMoRGB-006632636
035 _a(NLR Aleph) 002060578
090 _a4683175
_c4683175
100 _a20130819d2008 |||y0rusy50 ca
101 0 _arus
102 _aRU
105 _aa zzzz|||||
200 1 _aЗабавная химия в стихах
_e7-10 кл.
_e[учебное пособие для учащихся 7-х, 8-х, 9-х, 10-х классов]
_fА. Е. Лакиенко
210 _aАзов
_cАзовПечать
_d2008
215 _a28 с.
_cцв. ил.
_d21
300 _aНа 2-й с. обл. авт.: Лакиенко А.Е., учитель высш. категории
606 _aХимия
_jИздания для детей
_9898913
_3RU\NLR\auth\666296
686 _aШ9(2)62=Р7-5
686 _aШ9
_bГ
700 1 _aЛакиенко
_bА. Е.
_gАнгелина Емельяновна
_4070
801 0 _aRU
_bRuMoRKP
_c20130819
_gRCR
801 2 _aRU
_bРГБ
_c20130904
_grcr
801 1 _aRU
_bRuMoRKP
_c20130819
_2rusmarc
801 2 _aRU
_bNLR
_c20130924
_grcr
942 _cBOOK
980 _aNB